banner-ar

مصر فى القرن التاسع عشر : (Record no. 58760)

MARC details
000 -الفاتح
حقل البيانات ثابتة الطول 01007nam a2200217Ia 4500
008 - عناصر البيانات ثابتة الطول - معلومات عامة
حقل البيانات ثابتة الطول 140319s9999 xx 000 0 ara d
040 ## - مصدر الفهرسة
وكالة الفهرسة الأصلية GCL /
وكالة النسخ GCL
082 04 - رقم تصنيف ديوى العشرى
رقم التصنيف ق
رقم المادة 962.031
-- ج م
100 1# - المدخل الرئيسى - إسم شخصى
الإسم الشخصى محمد مسعود
245 10 - بيان العنوان
العنوان مصر فى القرن التاسع عشر :
بقية العنوان سيرة جامعة لحوادث ساكنى الجنان محمد على باشا و ابراهيم باشا و المغفور له سليمان باشا الفرنساوى من الوجوه الحربية والسياسية و القصصية /
بيان المسئوليه,etc محمد مسعود
700 1# - المدخل الاضافى - اسم شخصى
الإسم الشخصى جوان، ادوار
250 ## - بيان الطبعة
بيان الطبعة الاولى
260 ## - PUBLICATION, DISTRIBUTION, ETC. (IMPRINT)
تاريخ النشر أو التوزيع 1921
300 ## - الوصف المادى
التعداد 831 ص ؛
أبعاد الوعاء 24 سم
490 ## - بيان السلسلة
عنوان السلسلة
650 04 - المدخل الاضافى بالموضوع-مصطلح موضوعى
مصطلح موضوعي ابراهيم باشا
650 04 - المدخل الاضافى بالموضوع-مصطلح موضوعى
مصطلح موضوعي مصر - تاريخ - العصر الحديث - عصر محمد على ( 1805- 1849 م )
650 04 - المدخل الاضافى بالموضوع-مصطلح موضوعى
مصطلح موضوعي مصر - تاريخ - العصر الحديث - ابراهيم باشا ( 1848-1848 )
942 ## - عناصر المدخل الإضافي( كوها)
مصدر التصنيف او مخطط الترفيف Dewey Decimal Classification
Koha [default] item type كتاب
260 ## - PUBLICATION, DISTRIBUTION, ETC. (IMPRINT)
-- القاهرة :
-- دار الكتب ،
Holdings
حالة التراجع حالة الفقد حالة تلف ليس للاعارة المكان المؤقت الموقع الحالى تاريخ الاكتساب اجمالي اﻻعارات رقم الطلب الباركود تاريخ اخر مشاهدة تاريخ تفعيل السعر نوع وعاء كوها
        مكتبة القاهرة الكبرى مكتبة القاهرة الكبرى 03/26/2014   ق\962.031\ج م 152382 03/26/2014 03/26/2014 كتاب
        مكتبة القاهرة الكبرى مكتبة القاهرة الكبرى 03/26/2014   ق\962.031\ج م 152383 03/26/2014 03/26/2014 كتاب

Powered By

EGPV